MARC

LEADER 00000nam0a2200000 4500
001 48116
005 20231031031318.0
010 |a 5891182696 
035 |a (RuTPU)RU\TPU\book\50341 
090 |a 48116 
100 |a 20030304d2002 k y0rusy50 ca 
101 0 |a rus 
102 |a RU 
105 |a a z 001zy 
200 1 |a Кинетика и механизмы реакций полевых шпатов с водными растворами  |f В. А. Алексеев  |g Российская академия наук (РАН), Институт геохимии и аналитической химии (ГЕОХИ) ; Российский фонд фундаментальных исследований 
210 |a Москва  |c Геос  |d 2002 
215 |a 255 с.  |c ил. 
320 |a Библиогр.: с. 228-244. 
610 1 |a геология 
610 1 |a геохимия 
610 1 |a полевые шпаты 
610 1 |a водные растворы 
610 1 |a кинетика 
610 1 |a конгруэнтное растворение 
610 1 |a альбит 
610 1 |a гидролиз 
610 1 |a кварцевые геотермометры 
610 1 |a санидин 
610 1 |a плагиоклазы 
675 |a 550.42  |v 3 
700 1 |a Алексеев  |b В. А.  |g Виктор Алексеевич 
712 0 2 |a Российская академия наук (РАН)  |b Институт геохимии и аналитической химии (ГЕОХИ)  |c (Москва)  |2 stltpush  |3 (RuTPU)RU\TPU\col\192 
712 0 2 |a Российский фонд фундаментальных исследований  |2 stltpush  |3 (RuTPU)RU\TPU\col\112 
801 1 |a RU  |b 63413507  |c 20030304  |g PSBO 
801 2 |a RU  |b 63413507  |c 20160422  |g PSBO 
942 |c BK